000 nam a22 7a 4500
999 _c7200
_d7200
008 170728b xxu||||| |||| 00| 0 eng d
100 _93776
_aLane S. Timothy
245 _aFamily Feuds
260 _aAmerica
_bNew growth press
_c2008